LEADER 00998nam0-22003251i-450- 001 990008312970403321 005 20060418104217.0 010 $a0-8493-3289-3 035 $a000831297 035 $aFED01000831297 035 $a(Aleph)000831297FED01 035 $a000831297 100 $a20030910d1986----km-y0itay50------ba 101 0 $aeng 105 $aa-------001yy 200 1 $aCRC handbook of autonomic drugs and autacoids$feditor Matthew Verderame 210 $aBoca Raton (Fl.)$cCRC Press$dc1986 215 $a250 p.$cill.$d27 cm 225 1 $aCRC series in medicinal chemistry 516 1 $aHandbook of autonomic drugs and autacoids 610 0 $aSistema nervoso autonomo$aFarmacologia 676 $a615.78 702 1$aVerderame,$bMatthew 801 0$aIT$bUNINA$gRICA$2UNIMARC 901 $aBK 912 $a990008312970403321 952 $a80 XIV E 14 CFT (3)$bCFT 015$fFFABC 959 $aFFABC 996 $aCRC handbook of autonomic drugs and autacoids$9744601 997 $aUNINA